Statická analýza nosnej steny

Gespeichert in:
Bibliographische Detailangaben
1. Verfasser: Šmidovič, Adam (Verfasst von)
Weitere Verfasser: Véghová, Ivana (Betreuung Doktorarbeit)
Format: Manuskript Buch
Sprache:Slowakisch
Veröffentlicht: 2018
Schlagworte:
Online-Zugang:http://is.stuba.sk/zp/portal_zp.pl?podrobnosti=124775
https://opac.crzp.sk/?fn=detailBiblioForm&sid=CB745B58B0F7E53C035CC66F3E25
Tags: Tag hinzufügen
Keine Tags, Fügen Sie das erste Tag hinzu!

MARC

LEADER 00000ntm a22000003a 4500
001 stuzp68967
003 SK-STU
005 20230523122734.4
007 ta
008 150427s2015----xo-----f-mn---000-0-slo-d
040 |a STU  |b slo 
041 0 |a slo 
100 1 |a Šmidovič, Adam  |u 010250  |4 aut  |U SvF Stavebná fakulta  |T SvF Katedra stavebnej mechaniky  |X 81095  |U V250  |Y 26  |7 81095 
242 0 1 |a Static analysis of a supporting wall  |y eng 
245 1 0 |a Statická analýza nosnej steny 
260 |c 2018 
650 4 |a model steny  |2 slo 
650 4 |a analýza napätosti  |2 slo 
650 4 |a metóda konečných prkov  |2 slo 
650 4 |a napätia v stene  |2 slo 
650 4 |a wall model  |2 eng 
650 4 |a stresses in wall  |2 eng 
650 4 |a stress analysis  |2 eng 
650 4 |a finite element method  |2 eng 
700 1 |a Véghová, Ivana  |u 010250  |k Z1  |4 ths  |U SvF Stavebná fakulta  |T SvF Katedra stavebnej mechaniky  |X 802  |U V250  |Y 26  |7 A000000802 
856 4 |u http://is.stuba.sk/zp/portal_zp.pl?podrobnosti=124775 
856 4 |u https://opac.crzp.sk/?fn=detailBiblioForm&sid=CB745B58B0F7E53C035CC66F3E25